عقائد الأشاعرة وجولة جديدة من الحوار / (رقم التسجيلة. 128226)
[ عرض عادي ]
| 000 -الفاتح | |
|---|---|
| عناصر البيانات ثابتة الطول | 00759cam a2200205 i 4500 |
| 005 - تاريخ ووقت آخر معاملة | |
| حقل ضبط | 20251208094714.0 |
| 008 - عناصر البيانات ثابتة الطول | |
| عناصر البيانات ثابتة الطول | 250721s2012 jo gr 000 0 ara d |
| 020 ## - الترقيم الدولي المعياري للكتب (ردمك) | |
| الترقيم الدولي المعياري للكتب (ردمك) | 9789957231934 |
| 082 14 - رقم تصنيف ديوي العشري | |
| رقم التصنيف | 215.17 |
| رقم المادة | ا د ل |
| 100 1# - مدخل رئيسي – اسم شخصي | |
| الاسم الشخصي | الإدلبي، صلاح الدين بن احمد |
| علاقة الشخص بالعمل/ دوره | مؤلف. |
| 245 10 - بيان العنوان | |
| العنوان | عقائد الأشاعرة وجولة جديدة من الحوار / |
| بيان المسؤولية | بقلم صلاح الدين بن احمد لادلبي. |
| 250 ## - بيان الطبعة | |
| بيان الطبعة | الطبعة الاولى. |
| 264 31 - بيانات النشر، التوزيع…إلخ | |
| مكان النشر، التوزيع...إلخ | عمان : |
| اسم الناشر، الموزع...إلخ | دار الفتح للدراسات و النشر، |
| تاريخ النشر، التوزيع...إلخ | 2012. |
| 300 ## - الوصف المادي | |
| عدد الوحدات المكونة للوعاء | 269 صفحة. |
| 650 17 - مدخل إضافي بالموضوع - مصطلح موضوعي | |
| مصطلح موضوعي أو اسم جغرافي كعنصر مدخل | الفرق الإسلامية. |
| 650 17 - مدخل إضافي بالموضوع - مصطلح موضوعي | |
| مصطلح موضوعي أو اسم جغرافي كعنصر مدخل | الأشاعرة. |
| 650 17 - مدخل إضافي بالموضوع - مصطلح موضوعي | |
| مصطلح موضوعي أو اسم جغرافي كعنصر مدخل | الإسلام. |
| 942 ## - بيانات إضافية (كوها) | |
| نوع التنصيف | Dewey Decimal Classification |
| نوع المادة (كوها) | كتب |
| حالة السحب | حالة الفقدان | مصدر التصنيف | حالة التلف | غير قابل للإعارة | المكتبة الرئيسية | المكتبة الحالية | موقع الرف | تاريخ التزويد | الرقم المتسلسل | Total Checkouts | رقم الإستدعاء | الباركود | تاريخ آخر ظهور | تاريخ الفاتورة | نوع المادة (كوها) |
|---|---|---|---|---|---|---|---|---|---|---|---|---|---|---|---|
| Dewey Decimal Classification | المكتبة المركزية | المكتبة المركزية | الإعارة | 28/07/2025 | 1566274 | 215.17 / إ د ل | PLD00292022 | 28/07/2025 | 28/07/2025 | كتب | |||||
| Dewey Decimal Classification | مكتبة أبو علندا العامة | مكتبة أبو علندا العامة | الإعارة | 16/01/2014 | 1566278 | 215.17/إدل | PLD00292176 | 28/07/2025 | 16/01/2014 | كتب | |||||
| Dewey Decimal Classification | مكتبة النصر العامة | مكتبة النصر العامة | الإعارة | 16/01/2014 | 1566276 | 215.17/إدل | PLD00292174 | 28/07/2025 | 16/01/2014 | كتب | |||||
| Dewey Decimal Classification | مكتبة مؤتة | مكتبة مؤتة | الإعارة | 16/01/2014 | 1566275 | 215.17/إدل | PLD00292173 | 28/07/2025 | 16/01/2014 | كتب |